Stamp auction prices realized : a periodical listing of American stamp auction prices current. Volume II. Germany & Scandinavia (Record no. 1924)

000 -LEADER
fixed length control field 00581nam a22000977a 4500
008 - FIXED-LENGTH DATA ELEMENTS--GENERAL INFORMATION
fixed length control field 160418b xxu||||| |||| 00| 0 eng d
100 ## - MAIN ENTRY--AUTHOR'S NAME
Author's Name APR Publishers
245 ## - TITLE STATEMENT
Title Stamp auction prices realized : a periodical listing of American stamp auction prices current. Volume II. Germany & Scandinavia
Remainder of title The Green Book of Stamps
260 ## - PUBLICATION, DISTRIBUTION, ETC. (IMPRINT)
Place of publication, distribution, etc. Fresno, Calif.
Name of publisher, distributor, etc. APR Publishers, Inc.
Date of publication, distribution, etc. 1976
650 ## - TOPICAL TERM (Tag)
Topical term or geographic name United States -- Auctions -- Prices Realized | Auctions | Prices Realized | Prices and Values | Germany | Scandinavia | Danish West Indies | Denmark | Finland | Greenland | Iceland | Norway | Sweden
Holdings
Withdrawn status Lost status Source of classification or shelving scheme Damaged status Koha normalized classification for sorting Not for loan Permanent Location Current Location Date acquired Total Checkouts Full call number Barcode Date last seen Price effective from
        G3701 A898 S783   Northern Philatelic Library Northern Philatelic Library 04/18/2016   G3701 A898 S783 1002230 04/18/2016 04/18/2016

Powered by Koha